Detection of genetic variability among five Phytophthora isolates from different rubber growing areas of Kerala (Record no. 74431)

MARC details
000 -LEADER
fixed length control field 00434nam a2200133Ia 4500
100 ## - MAIN ENTRY--AUTHOR NAME
Personal name Julie Mathew
245 #0 - TITLE STATEMENT
Title Detection of genetic variability among five Phytophthora isolates from different rubber growing areas of Kerala
260 ## - PUBLICATION, DISTRIBUTION, ETC. (IMPRINT)
Name of publisher Periyar University
Place of publication Salem
Year of publication 2002
500 ## - GENERAL NOTE
General note Available in Pathology
500 ## - GENERAL NOTE
General note Course: M.Sc.
700 ## - ADDED ENTRY--PERSONAL NAME
Personal name Dr Shaji Philip
942 ## - ADDED ENTRY ELEMENTS (KOHA)
Koha item type Theses
Holdings
Withdrawn status Lost status Damaged status Not for loan Collection code Home library Current library Shelving location Date acquired Koha item type
      Theses Dissertation RRII Library RRII Library Crop protection 31/12/2021 Theses